000 00652nam a2200217Ia 4500
003 GCL
008 140319s9999 xx 000 0 ara d
040 _aGCL /
_cGCL
082 0 4 _a741.5
_bص ف
100 1 _aصابر الجارحى
245 1 0 _aكيف ترسم الكاريكاتير /
_cصابر الجارحى
260 _a[S.N] :
_bالمؤلف ،
_c1990
300 _a240 ص
490 _aفن الكارتون
_v0
650 0 4 _aالرسم
650 0 4 _aالالوان
650 0 4 _aالرسومات بالكاريكاتير
650 0 4 _aرسم الحيوانات
650 0 4 _aالرسم - تعليم وتدريس
942 _2ddc
_cBK
999 _c58547
_d58547